| 000 | 00932cam a2200253 a 4500 | ||
|---|---|---|---|
| 001 | 460795 | ||
| 005 | 19860716000000.0 | ||
| 008 | 830418s1984 nyua b 001 0 eng | ||
| 010 | _a83006828 | ||
| 020 |
_a0442226101 (cover) _z0442226107 |
||
| 040 |
_aDLC _cDLC _dDLC |
||
| 050 | 0 | 0 |
_aTP156.P3 _bH35 1984 |
| 082 | 0 | 0 |
_a620.43 _219 _bHAN |
| 245 | 0 | 0 |
_aHandbook of Powder Science and Technology / _cedited by M.E. Fayed, L. Otten. |
| 260 |
_aNew York : _bVan Nostrand Reinhold Co., _cc1984. |
||
| 300 |
_axiv, 850 p. : _bill. ; _c26 cm. |
||
| 504 | _aIncludes bibliographical references and index. | ||
| 650 | 0 |
_aParticles. _96289 |
|
| 650 | 0 |
_aPowders. _96290 |
|
| 700 | 1 |
_aFayed, M. E. _q(Muhammad E.) _96291 |
|
| 700 | 1 |
_aOtten, L. _q(Lambert) _96292 |
|
| 942 |
_2ddc _cREFERENCE |
||
| 999 |
_c11862 _d11862 |
||